000 01345aab a2200217 4500
001 768714001
003 CO-MdFUSB
005 20240607144142.0
008 170511s1994 cr ||||| |||| 00| 0 spa d
022 _a1409-1968
040 _aCO-MdFUSB
_bspa
_cCO-MdFUSB
_dCO-MdFUSB
041 _aspa
100 1 _aElder, Gregorio P.
_eautor
245 1 0 _aAprendiendo de nuestros errores
_c/ Gregorio P. Elder
300 _aVolumen 11. Número 5 (1994), páginas 23 - 26
_c: 27 cm.
520 _aTodos los que están en el ministerio cometen errores, pero lo que recién inician son más propensos a ellos. Todo comienzo es difícil y las elecciones que hacemos al iniciar un pastorado pueden resultar en bendición o traumas que perduran durante años. Aquí se enumeran algunos errores que se deben evitar: Permitir que un reducido número de personas absorban gran cantidad de tiempo. Permitir que se formen relaciones de dependencia, Llegar a ser el pastor de la "oposición leal" No hablar sobre temas serios con otros pastores jóvenes. Abandonar a la familia. Temor a los poderosos. Discutir sobre temas secundarios. No leer. Tomar los asuntos muy en serio.
650 7 _aAprendizaje
_97190
773 0 _tApuntes Pastorales
_049442
_960181
_gVolumen 11. Número 5 (1994), páginas 23-26
_qPágina 23
942 _cANA
945 _aJTF-925
999 _c53104
_d53104